000 00499ntaaa2200193 4500
003 01
005 20251027202747.0
008 0714s1973 ag 01
040 _aAR-BaBN
_bspa
_cAR-BaBN
_eaacr
_dRIC
082 _a793.2000 B39
100 _aBeeker, Mabel King
_927724
245 _aBanquets plus!
250 _a1 ed.
260 _aNashville :
_bBroadman Press,
_cc1958
300 _a195 p
500 _aComo planear programas sociales para banquetes
650 _arecreación
_918895
942 _cBK
999 _c22893
_d22893